| 000 -LEADER |
| fixed length control field |
01177nam a22001457a 4500 |
| 008 - FIXED-LENGTH DATA ELEMENTS--GENERAL INFORMATION |
| fixed length control field |
211227b ||||| |||| 00| 0 eng d |
| 100 ## - MAIN ENTRY--PERSONAL NAME |
| Personal name |
Xaxa, Virginius |
| 245 ## - TITLE STATEMENT |
| Title |
How kiss and Indian anthropology degrade tribal people |
| 260 ## - PUBLICATION, DISTRIBUTION, ETC. (IMPRINT) |
| Place of publication, distribution, etc |
The Caravan |
| 300 ## - PHYSICAL DESCRIPTION |
| Extent |
Aug, 2021: p.25-27 |
| 520 ## - SUMMARY, ETC. |
| Summary, etc |
Last August, the International Union of Anthropological and Ethnological Sciences announced that it was withdrawing a plan to hold the next World Anthropology Congress, scheduled for 2023, at the Kalinga Institute of Social Sciences in Bhubaneshwar. This came after many tribal and non-tribal researchers, teachers, university students and activists working on tribal rights voiced strong reservations about the IUAES’s choice of venue, and the organisation’s executive committee noted in announcing the decision that it had acted in “deference to the many anthropologists from within India and across the globe who have expressed their opinion on the matter.” The IUAES, in collaboration with the Indian Anthropological Association, has since shifted the venue to Delhi. – Reproduced |
| 773 ## - HOST ITEM ENTRY |
| Main entry heading |
The Caravan |
| 906 ## - LOCAL DATA ELEMENT F, LDF (RLIN) |
| Subject DIP |
TRIBES - INDIA |
| 942 ## - ADDED ENTRY ELEMENTS (KOHA) |
| Item type |
Articles |